000 00601nam a2200193 a 4500
001 000012007
005 20240412074229.0
008 091103t1980 dr r 001 0 spa d
040 _aDO-SdBNP
_bspa
_cBNPHU
082 _aRD861.44
_bR763m
100 1 _aRomero Pumarol, Teófilo Ramón
_928214
245 1 0 _aMirador poético /
_cTeófilo Ramón Romero Pumarol.
260 _aSanto Domingo :
_b[s.n.],
_c1980.
300 _a39 p. ;
_c21 cm.
590 _aInventariado, 2018/BT
650 0 _aPoesía dominicana
_966
650 0 _aLiteratura dominicana.
_967
910 _aValidado. Control de calidad. EMS
999 _c11675
_d11675